000 00602nam a2200205 ar4500
001 1348
005 20221127090211.0
008 090712s ii a 00010 eng d
020 _a8187570113(hbk)
082 0 4 _a297.63
_bK527 2003
100 1 _aKhan, Saniyasnain.
245 1 0 _aTell me about the Prophet Muhammad /
_cby Saniyasnain Khan.
250 _aRep.
260 _aNew Delhi :
_bGoodword Books,
_c2003.
300 _a[54] p :
_bcol. ill. ;
_c28 cm.
500 _aFirist published : 2000.
600 0 4 _aMuhammad, Prophet.
650 4 _aIslam
_xHistory.
651 4 _aMedina(Saudi Arabia) in Islam.
999 _c1346
_d1346